000 00618nam a2200205Ia 4500
008 241004s9999 xx 000 0 und d
020 _a9789351711988
037 _aTextbook
040 _aARTS
_beng
_cARTS
041 _aeng
_2eng
084 _aQ4v2.C R2
_qARTS
100 _aPrasad Birendra Nath Ed.
_9724589
245 _aStudies in the history and culture of Ancient Indian buddhism
_cPrasad Birendra Nath Ed.
260 _aIndia
_bNew Delhi Research Press
_c2022
300 _aix,216p.
365 _aINR
_b1750
650 _aBuddhism
942 _cTB
_hQ4v2.C R2
999 _c1218721
_d1218721